| 000 | 00755nam a22002537a 4500 | ||
|---|---|---|---|
| 005 | 20220204115709.0 | ||
| 008 | 220204b ||||| |||| 00| 0 eng d | ||
| 040 | _cAL | ||
| 041 | _aeng | ||
| 082 |
_223 _a658.002 _bPRAS |
||
| 100 |
_aPrakash and others _916718 |
||
| 245 | _aSuccess guide PGCET/KMAT-VTU/BU Entrance Exam 2022 MBA | ||
| 260 |
_aBangalore _bVasantha Book House _c2022 |
||
| 300 |
_a184 p. _bPB _c24x18 cm. |
||
| 365 |
_a5606 _b₹ 440.00 _c₹ _d₹550.00 _e20% _f03-02-2022 |
||
| 650 |
_aPGCET/KMAT-VTU/BU _916719 |
||
| 650 |
_aMBA _916720 |
||
| 650 |
_aEntrance exam _916721 |
||
| 700 |
_aPRAKASH _916722 |
||
| 700 |
_aSRINIVASAN (Geetha) _916723 |
||
| 700 |
_aMANJUNATH _916724 |
||
| 700 |
_aRAJA (Firoz) _916725 |
||
| 942 |
_2ddc _cBK |
||
| 999 |
_c221417 _d221417 |
||